MS/Thesis: Nonlinear Flight Dynamics of Blunt Body Entry Vehicles Using (Record no. 529913)
[ view plain ]
| 000 -LEADER | |
|---|---|
| fixed length control field | 00426nam a22001457a 4500 |
| 003 - CONTROL NUMBER IDENTIFIER | |
| control field | NUST |
| 005 - DATE AND TIME OF LATEST TRANSACTION | |
| control field | 20191007152714.0 |
| 038 ## - RECORD CONTENT LICENSOR | |
| Staff Name | Nusrat Nadeem |
| 082 ## - DEWEY DECIMAL CLASSIFICATION NUMBER | |
| Classification number | 004.12 |
| 100 ## - MAIN ENTRY--PERSONAL NAME | |
| Personal name | Sultan Saad Shahzad |
| 9 (RLIN) | 22936 |
| 245 ## - TITLE STATEMENT | |
| Title | MS/Thesis: Nonlinear Flight Dynamics of Blunt Body Entry Vehicles Using |
| Statement of responsibility, etc. | Saad Shahzad Sultan |
| 260 ## - PUBLICATION, DISTRIBUTION, ETC. | |
| Place of publication, distribution, etc. | Islamabad |
| Name of publisher, distributor, etc. | RCMS NUST |
| Date of publication, distribution, etc. | 2015 |
| 700 ## - ADDED ENTRY--PERSONAL NAME | |
| Relator code | Dr.Adnan Maqsood (Supervisor) |
| 942 ## - ADDED ENTRY ELEMENTS (KOHA) | |
| Source of classification or shelving scheme | |
| Koha item type | Thesis |
| Withdrawn status | Lost status | Source of classification or shelving scheme | Damaged status | Not for loan | Permanent Location | Current Location | Shelving location | Date acquired | Total Checkouts | Full call number | Barcode | Date last seen | Date last checked out | Price effective from | Koha item type |
|---|---|---|---|---|---|---|---|---|---|---|---|---|---|---|---|
| Central Library (CL) | Central Library (CL) | Thesis | 03/19/2020 | 004 | CL-T-5611 | 03/19/2020 | 03/19/2020 | Thesis | |||||||
| School of Interdisciplinary Engineering and Sciences (SINES) | School of Interdisciplinary Engineering and Sciences (SINES) | Thesis | 10/07/2019 | 2 | 004.12 | RCMS002929 | 09/16/2021 | 12/24/2020 | 10/07/2019 | Thesis |
